000 00562nam a2200217Ia 4500
003 OSt
005 20221002054802.0
006 a|||||r|||| 00| 0
007 ta
008 220930b |||||||| |||| 00| 0 eng d
024 _a70449
037 _cReference Collections
040 _aCRL
_cCRL
_beng
041 _2eng
_aeng
082 _aDelta:8k, M4(RR)
100 _aSpence lewis
245 0 _aAn encyclopaedia pf occltism
260 _c1984
942 _hDelta:8k, M4(RR)
_cref
_2CC
999 _c925888
_d925888